| 000 | 00362nam a2200157Ia 4500 | ||
|---|---|---|---|
| 008 | 221030s9999 xx 000 0 und d | ||
| 020 | _a8177225774 | ||
| 041 | _aEnglish | ||
| 082 |
_a105.23 _bCan |
||
| 100 | _aB. Canzer | ||
| 245 | 0 | _aE- Business & Commerce | |
| 260 |
_bBiztantra _aNew Delhi _c2005 |
||
| 300 | _a366 | ||
| 650 | _aMBA Computers | ||
| 942 | _cBK | ||
| 999 |
_c2145 _d2145 |
||